00621cam a22002051 4500001001300000003000400013005001700017008004100034010001700075035001900092040002000111042001200131050001900143100003100162245008600193260004200279300004000321700003700361999001700398g 01001447 DLC20260227111254.0800425s1900 gw c 000 0 ger  ag 01001447  a(OCoLC)6247111 aDLCcNSchUdDLC apremarc00aPT2423.L3bZ441 aLewald, Fanny,d1811-1889.10aGefühltes und gedachtes (1838-1888)cvon Fanny Lewald, hrsg. von Ludwig Geiger. aDresden,aLeipzig,bH. Minden,c1900. axxv, 400 p.bfront. (port.)c21 cm.1 aGeiger, Ludwig,d1848-1919,eed. c23743d23743